000 00723nam a2200265Ia 4500
003 OSt
005 20221006150935.0
006 a|||||r|||| 00| 0
007 ta
008 221006b |||||||| |||| 00| 0 jpn d
020 _c¥1600
024 _a20,288
037 _bGift, Japan Foundation
_cTextual
040 _aEASL
_cEASL
_bjpn
041 _2jpn
_ajpn
082 _aX:517.42.N45, L7
100 _aKATO Yuji
_9657981
245 0 _aNihon teikoku shugika no rodoseisaku
260 _aTokyo
_bOchano Mizushobo Japan
_c1977
300 _a269p.
_ccm.
490 _v JL
650 _aJL
942 _hX:517.42.N45, L7
_cTEXL
_2CC
999 _c1088374
_d1088374